[Event "Zhukovsky Elo-B"]
[Site "Zhukovsky"]
[Date "2008.01.02"]
[Round "1"]
[White "Zubayraev, Mamed"]
[Black "Ibragimov, Alibek"]
[Result "1-0"]
[WhiteElo "2118"]
[BlackElo "2498"]
[PlyCount "93"]
[EventDate "2008.01.02"]
[EventType "tourn"]
[EventRounds "9"]
[EventCountry "RUS"]
[SourceTitle "EXT 2010"]
[Source "ChessBase"]
[SourceDate "2010.11.25"]
[SourceVersion "1"]
[SourceVersionDate "2010.11.25"]
[SourceQuality "1"]

1. d4 Nf6 2. c4 g6 3. Nc3 Bg7 4. Nf3 d6 5. Bg5 0-0 6. Qd2 Nbd7 7. Bh6 e5 8. Bxg7 Kxg7 9. e3 e4 10. Ng5 Re8 11. h4 h5 12. Be2 d5 13. cxd5 Nb6 14. Qc2 Nbxd5 15. Bc4 c6 16. a3 Bf5 17. Ne2 Qe7 18. Ng3 Bg4 19. Rc1 Rad8 20. Ba2 Rc8 21. Qc5 Qxc5 22. Rxc5 Nd7 23. Ra5 f5 24. Rxa7 Rc7 25. Kd2 N7f6 26. Rc1 f4 27. N3xe4 Rxe4 28. Bxd5 fxe3+ 29. fxe3 Ree7 30. Bf3 Rcd7 31. Kd3 Bf5+ 32. e4 Be6 33. Rc5 Ba2 34. e5 Nd5 35. Bxd5 Bxd5 36. Ne4 Ba2 37. Nf6 Bb1+ 38. Ke3 Rc7 39. Kf4 Ba2 40. Ra8 Kf7 41. b4 Ke6 42. Rg8 Rg7 43. Rd8 Ke7 44. Re8+ Kf7 45. Rb8 Bc4 46. Ra8 Ke6 47. Rd8 1-0